Growing onions and shallots / (Record no. 170)

MARC details
000 -LEADER
fixed length control field 00733nam a22002417a 4500
001 - CONTROL NUMBER
control field BD-DhSAU 170
003 - CONTROL NUMBER IDENTIFIER
control field BD-DhSAU
005 - DATE AND TIME OF LATEST TRANSACTION
control field 20150416135937.0
008 - FIXED-LENGTH DATA ELEMENTS--GENERAL INFORMATION
fixed length control field 140130b xxu|||||r|||| 001 0aeng d
020 ## - INTERNATIONAL STANDARD BOOK NUMBER
International Standard Book Number 0863602271
040 ## - CATALOGING SOURCE
Original cataloging agency BD-DhSAU
082 ## - DEWEY DECIMAL CLASSIFICATION NUMBER
Edition number 22
Classification number 535
Item number 535
100 ## - MAIN ENTRY--PERSONAL NAME
Personal name Calderbank, daniel A.
245 ## - TITLE STATEMENT
Title Growing onions and shallots /
Statement of responsibility, etc. Daniel A. Calderbank, Bill Rodger and Jim Kirkness.
260 ## - PUBLICATION, DISTRIBUTION, ETC. (IMPRINT)
Place of publication, distribution, etc. Bolton, ; UK :
Name of publisher, distributor, etc. Ross Anderson Publication,
Date of publication, distribution, etc. c1986.
300 ## - PHYSICAL DESCRIPTION
Extent xii, ; 126 p. :
Dimensions 23 cm.
504 ## - BIBLIOGRAPHY, ETC. NOTE
Bibliography, etc Includes bibliographical references and index.
590 ## - Name of Cataloguer
Name of Cataloger joy
650 ## - SUBJECT ADDED ENTRY--TOPICAL TERM
Topical term or geographic name as entry element Onions.
650 ## - SUBJECT ADDED ENTRY--TOPICAL TERM
Topical term or geographic name as entry element Horticulture
700 ## - ADDED ENTRY--PERSONAL NAME
Personal name Daniesl A. Calderbank.
700 ## - ADDED ENTRY--PERSONAL NAME
Personal name Bill Rodger and Jim kirkness.
942 ## - ADDED ENTRY ELEMENTS (KOHA)
Source of classification or shelving scheme Dewey Decimal Classification
Koha item type Book
Holdings
Withdrawn status Lost status Source of classification or shelving scheme Damaged status Not for loan Home library Branch Name Date acquired Total Checkouts Full call number Barcode Date last seen Price effective from Koha item type Shelving location Collection code
    Dewey Decimal Classification     SAU Library SAU Library 28/01/1989   535 / DAG 12401 30/01/2014 30/01/2014 Book    
    Dewey Decimal Classification     SAU Library SAU Library 28/01/1989   535 / DAG 12403 30/01/2014 30/01/2014 Book    
    Dewey Decimal Classification     SAU Library SAU Library 28/01/1989   535 / DAG 12404 26/01/2015 26/01/2015 Book General Stacks  
    Dewey Decimal Classification     SAU Library SAU Library 28/01/1989   535 / DAG 12402 26/01/2015 26/01/2015 Book General Stacks  
    Dewey Decimal Classification   Not For Loan SAU Library SAU Library 28/01/1989   535 535 12400 16/04/2015 16/04/2015 Book Reference Reference